000 00557nam a2200205Ia 4500
005 20250508162658.0
008 008 250505s9999 xx 000 0 eng d
037 _aTextBook
040 _aFEDL
_beng
_cFEDL
041 _aeng
_2eng
084 _a370.15, GLO
_qFEDL
100 _aGlover John A
245 0 _aEducational psychology
260 _aBoston, USA
_bLittle, Brown and Company
_c1987
300 _axii,692p
365 _aUSD
_b24.76
650 _aEducational Psychology
942 _cTB
_h370.15, GLO
999 _c1378016
_d1378016